000
00211 a2200097 4500
001
48731
100
_a
Kaeley
245
_a
World constitutions
260
_a
New Delhi
_b
Sudha pubs ltd
_c
090
_c
31633
_d
31633
942
_a
NUST-CAE
_c
M
_c
24040
999
_c
283804
_d
283804